Zhodnotenie obchodných vzťahov Veľkej Británie a EÚ27 v súvislosti s Brexitom a jeho dopady na ekonomiku Veľkej Británie bakalárska práca

Na minha lista:
Detalhes bibliográficos
Autor principal: Horváth, Milan
Autor Corporativo: Obchodná fakulta EU. Katedra medzinárodného obchodu
Outros Autores: Krivosudská, Simona, 1995-
Formato: Livro
Idioma:eslovaco
Publicado em: Bratislava 2021
Tags: Adicionar Tag
Sem tags, seja o primeiro a adicionar uma tag!

MARC

LEADER 00000nbm a2200000 4500
001 0275903
005 20220209124140.9
041 0 |a slo 
044 |a SK 
245 1 0 |a Zhodnotenie obchodných vzťahov Veľkej Británie a EÚ27 v súvislosti s Brexitom a jeho dopady na ekonomiku Veľkej Británie  |b bakalárska práca  |c Milan Horváth ; školiteľ: Simona Krivosudská 
264 1 |a Bratislava  |c 2021 
300 |a 61 s. 
100 1 |a Horváth, Milan 
700 1 |a Krivosudská, Simona, 1995- 
710 2 |a Obchodná fakulta EU. Katedra medzinárodného obchodu